آپ سیاست ،ثقافت اور سماج میری نظر میں (Record no. 14912)

MARC details
000 -LEADER
fixed length control field 00388nam a2200145Ia 4500
008 - FIXED-LENGTH DATA ELEMENTS--GENERAL INFORMATION
fixed length control field 230312s9999||||xx |||||||||||||| ||und||
020 ## - INTERNATIONAL STANDARD BOOK NUMBER
International Standard Book Number 9789696520757
082 ## - DEWEY DECIMAL CLASSIFICATION NUMBER
Classification number 891.4
Item number AAM-A
100 ## - MAIN ENTRY--PERSONAL NAME
Personal name عمار مسعود
245 #0 - TITLE STATEMENT
Title آپ سیاست ،ثقافت اور سماج میری نظر میں
260 ## - PUBLICATION, DISTRIBUTION, ETC.
Name of publisher, distributor, etc. Jamhori
Place of publication, distribution, etc. pak
Date of publication, distribution, etc. 2017
300 ## - PHYSICAL DESCRIPTION
Extent 301
650 ## - SUBJECT ADDED ENTRY--TOPICAL TERM
Topical term or geographic name entry element Literature
942 ## - ADDED ENTRY ELEMENTS (KOHA)
Koha item type BOOK
Holdings
Withdrawn status Lost status Source of classification or shelving scheme Damaged status Not for loan Home library Current library Date acquired Total Checkouts Full call number Barcode Date last seen Date last checked out Price effective from Koha item type
    Dewey Decimal Classification     Superior Information Resource Center (SIRC) Superior University- Main Campus Superior Information Resource Center (SIRC) Superior University- Main Campus 03/13/2023 1 891.4 AAM-A 15055 09/17/2025 11/15/2023 03/13/2023 BOOK

Powered by Koha